HBR guide to getting the mentoring you need. (Record no. 17527)
[ view plain ]
| 000 -LEADER | |
|---|---|
| fixed length control field | 00387cam a2200145 i 4500 |
| 020 ## - INTERNATIONAL STANDARD BOOK NUMBER | |
| ISBN | 9781422196007 (alk. paper) |
| 040 ## - CATALOGING SOURCE | |
| Transcribing agency | DLC |
| 082 00 - DEWEY DECIMAL CLASSIFICATION NUMBER | |
| Classification number | 650 HAR 2014 A116 Or. |
| 245 00 - TITLE STATEMENT | |
| Title | HBR guide to getting the mentoring you need. |
| 300 ## - PHYSICAL DESCRIPTION | |
| Number of Pages | viii, 160 pages ; |
| Dimensions | 22 cm |
| 500 ## - GENERAL NOTE | |
| General note | Includes index. |
| 650 #0 - SUBJECT ADDED ENTRY--TOPICAL TERM | |
| Topical Term | Mentoring in business. |
| 650 #0 - SUBJECT ADDED ENTRY--TOPICAL TERM | |
| Topical Term | Career development. |
| 942 ## - ADDED ENTRY ELEMENTS (KOHA) | |
| Koha item type | ADB |
| 952 ## - LOCATION AND ITEM INFORMATION (KOHA) | |
| Withdrawn status [LOCAL, KOHA] | 0 |
| Permanent Location | Date acquired | Koha item type | Lost status | Shelving location | Barcode | Current Location | Full call number |
|---|---|---|---|---|---|---|---|
| Library Block A | 2018-12-05 | សៀវភៅភាសាអង់គ្លេស | A117 | A37871 | Library Block A | 650 HAR 2014 A117 Or. |